000
00303nam a2200133Ia 4500
008
230523s9999 xx 000 0 und d
100
_a
Daroczi, Gergely
245
0
_a
Introduction to R for Quantitative Finance
260
_a
Mumbai
260
_b
Packt
260
_c
2013
300
_a
148
942
_c
RB
999
_c
2110
_d
2110